The mcgraw-hill dictionary of misspelled and easily confused wrolds: (Record no. 4010)
[ view plain ]
| 000 -LEADER | |
|---|---|
| fixed length control field | 00654 a2200181 4500 |
| 010 ## - LCCN (DPL NO) | |
| LC control number | ENG-86037 |
| 020 ## - INTERNATIONAL STANDARD BOOK NUMBER | |
| International Standard Book Number | 0070657173 |
| Terms of availability | 375.00 |
| 035 ## - SYSTEM CONTROL NUMBER | |
| System control number | EN-69570 |
| 037 ## - SOURCE OF ACQUISITION | |
| Source of stock number/acquisition | D.B.Act / Pub |
| 082 14 - DEWEY DECIMAL CLASSIFICATION NUMBER | |
| Classification number | 483 |
| 100 1# - MAIN ENTRY--PERSONAL NAME | |
| Personal name | Downing, David |
| 245 1# - TITLE STATEMENT | |
| Title | The mcgraw-hill dictionary of misspelled and easily confused wrolds: |
| Statement of responsibility, etc | by David Downing and Deborah K. Williams |
| Remainder of title | choose the right word and spell it correctly / |
| 260 ## - PUBLICATION, DISTRIBUTION, ETC. (IMPRINT) | |
| Place of publication, distribution, etc | New Delhi |
| Name of publisher, distributor, etc | Tata Mc-Graw Hill Publishing |
| Date of publication, distribution, etc | 2007 |
| 270 ## - ADDRESS | |
| Address | 7, West Patel Nagar |
| City | New Delhi |
| Postal code | 110 008 |
| 300 ## - PHYSICAL DESCRIPTION | |
| Extent | xii, 516 p. |
| Dimensions | 22 cm. (Pbk.) |
| 700 1# - ADDED ENTRY--PERSONAL NAME | |
| Personal name | Williams, Deborah K. |
| 942 ## - ADDED ENTRY ELEMENTS (KOHA) | |
| Institution code [OBSOLETE] | dpl |
| Item type | English Books |
| Source of classification or shelving scheme | Dewey Decimal Classification |
| Classification part | 483 |
| Call number suffix | DOW |
| Withdrawn status | Lost status | Not for loan | Collection code | Home library | Current library | Date acquired | Source of acquisition | Cost, normal purchase price | Full call number | Barcode | Copy number | Cost, replacement price | Koha item type |
|---|---|---|---|---|---|---|---|---|---|---|---|---|---|
| Not For Loan | Non-fiction | D.B.Act.Division | D.B.Act.Division | DBAD/PUB | 375.00 | 483 DOW | EN-69570 | 1 | 375.00 | English Books |
